Magnus Chase Quiz - Statistics

General Stats
  • This quiz has been taken 136 times
    126 since last reset
  • The average score is 18 of 30
Answer Stats
Hint Answer % Correct
Who is the God of Thunder? Thor
91%
What is the Magnus's Swords Name? Sumarbrander
87%
Who is Magnus's Cousin? Annabeth
86%
Which God is Magnus's Dad? Frey
85%
Who is the King of the War Gods? Odin
85%
Who is the Father Of Sam? Loki
82%
What Animal Does Magnus Hate? Wolves
79%
What is the First Magnus Chase Book Called? The Sword of Summer
78%
Who are Magnus's Homeless Friends? Blitzen
75%
Who are Magnus's Homeless Friends? Hearthstone
74%
Name all the Nine Worlds. Midgard
71%
Name Magnus's Uncles. Randolph
67%
Name all the Nine Worlds. Asgard
65%
What is the Sacred Animal of ^ ? Raven
63%
Which Mythical Creature Turns to Stone in Sunlight? Dwarves
55%
What is Magnus's Mom's Name? Natalie
55%
Who is Magnus's Aunt? Freya
54%
Name Magnus's Uncles. Frederick
53%
Name all the Nine Worlds. Jotunheim
52%
What are the Nature gods Called? Vanir
52%
Name all the Nine Worlds. Alfheim
49%
Name all the Nine Worlds. Helheim
47%
What are the War gods Called? Aesir
46%
What is the World Tree Called? Yggdrasil
40%
Who is the Manager Of Valhalla? Helgi
39%
Name all the Nine Worlds. Niflheim
39%
Name all the Nine Worlds. Muspellheim
34%
Name all the Nine Worlds. Vanaheim
32%
Who is the Doorman That Loves Chocolate? Hunding
29%
Name all the Nine Worlds. Nidavellir
27%
No matching quizzes found
Score Distribution
Percent of People with Each Score
Percentile by Number Answered
Your Score History
You have not taken this quiz since the last reset